Rulers of the Frankish Empire - Statistics

General Stats
  • This quiz has been taken 34 times
  • The average score is 5 of 9
Answer Stats
Hint Answer % Correct
800-814 Charlemagne
100%
875-877 Charles II
86%
877-888 Charles III
86%
814-840 Louis I
83%
855-875 Louis II
83%
840-855 Lothair I
48%
896-899 Arnulf
10%
891-894 Guy
7%
894-898 Lambert
7%
No matching quizzes found
Score Distribution
Percent of People with Each Score
Percentile by Number Answered
Your Score History
You have not taken this quiz